000 00794nam a2200217 a 4500
001 000048565
005 20201002061236.0
008 180406s2018 dr a 000 0 spa d
020 _a9789945176629
040 _aDO-SdBNP
_bspa
_cBNPHU
082 _axxx
_bC569s,
245 0 0 _aCiencias sociales 6 :
_bsecundaria /
_ccoordinación editorial Anna Rogero Soler; Coordinación Editorial Denise Pineda Martínez; ilustración Wi-Hen Fung.
260 _aSanto Domingo :
_bSM,
_c2018.
300 _a2v. :
_bil., ;
_c29 cm.
490 1 _aProyecto Conecta
505 0 _gv.1.
_tLibro texto --
_gv.2.
_tCienias sociales (cuaderno)
590 _aInventariado, 2018/VM
700 1 _aRogero Soler, Anna
_eed.
_930656
700 1 _aPineda Martínez, Denise,
_ecoord.
_974837
830 0 _aProyecto Conecta
_974836
999 _c48053
_d48053